000 00798nam a2200241Ia 4500
003 OSt
005 20220930193349.0
006 a|||||r|||| 00| 0
007 ta
008 220926b |||||||| |||| 00| 0 eng d
024 _a11425
037 _cDissertations
040 _aCRL
_cCRL
_beng
041 _2eng
_aeng
100 _aNanda Neeru
_9132847
110 _aUniversity of Delhi. Faculty of Social Sciences. Department of Social Work
_9520300
245 0 _aStudy of the philosophy and welfare activities of the Ramakrishna Mission tuberculosis sanatoriums, Ranchi
260 _c1969
650 _aSOCIAL WORK
_935789
700 _aUniversity of Delhi. Faculty of Social Sciences. Department of Social Work
_9520301
942 _cDIS
_2CC
999 _c896403
_d896403